Southville International School and Colleges
Your cart is empty.
  • Cart
  • Lists
    Public lists Eva Luna New books Lux_list list_1
    Your lists Log in to create your own lists
  • Log in to your account
  • Your cookies
  • Search history
Southville International School and Colleges
  • Advanced search
  • Recent comments
  • Most popular
  • Libraries

Log in to your account

Log in with GOOGLE


If you do not have an external account, but do have a local account, you can still log in:

  1. Home
  2. MARC view: Strategic management :
Normal view MARC view ISBD view

Strategic management : (Record no. 117834)

[ view plain ]
MARC details
000 -LEADER
fixed length control field 00553nam a2200181Ia 4500
008 - FIXED-LENGTH DATA ELEMENTS--GENERAL INFORMATION
fixed length control field 140529s9999 xx 000 0 und d
020 ## - INTERNATIONAL STANDARD BOOK NUMBER
International Standard Book Number 9780071188609
050 ## - LIBRARY OF CONGRESS CALL NUMBER
Classification number HD 30.28
Item number .T53 1999
100 ## - MAIN ENTRY--PERSONAL NAME
Personal name Thompson, Arthur A.
245 ## - TITLE STATEMENT
Title Strategic management :
Remainder of title concepts /
Statement of responsibility, etc Arthur A. Thompson, Jr., A. J. Strickland III
250 ## - EDITION STATEMENT
Edition statement 11th ed.
260 ## - PUBLICATION, DISTRIBUTION, ETC. (IMPRINT)
Place of publication, distribution, etc New York :
Name of publisher, distributor, etc Irwin McGraw-Hill,
Date of publication, distribution, etc c1999.
300 ## - PHYSICAL DESCRIPTION
Extent 360 p. ;
Dimensions 26 cm.
500 ## - GENERAL NOTE
General note Includes index and bibliographical references.
521 ## - TARGET AUDIENCE NOTE
Target audience note
942 ## - ADDED ENTRY ELEMENTS (KOHA)
Call number prefix Foreign
Koha item type Books
Holdings
Withdrawn status Lost status Damaged status Home library Current library Shelving location Date acquired Total Checkouts Full call number Barcode Date last seen Price effective from Koha item type
      College Library College Library General Circulation Section 05/30/2014   HD 30.28 .T53 1999 C0202 05/15/2018 05/30/2014 Books

Strategic management :

APA

Thompson A. A., . (1999). Strategic management. New York: Irwin McGraw-Hill.

Chicago

Thompson Arthur A, . 1999. Strategic management. New York: Irwin McGraw-Hill.

Harvard

Thompson A. A., . (1999). Strategic management. New York: Irwin McGraw-Hill.

MLA

Thompson Arthur A, . Strategic management. New York: Irwin McGraw-Hill. 1999.

  • Place hold
  • Print
  • Cite
  • Add to your cart (remove)
  • Save record
    BIBTEX Dublin Core MARCXML MARC (non-Unicode/MARC-8) MARC (Unicode/UTF-8) MARC (Unicode/UTF-8, Standard) MODS (XML) RIS
  • More searches
    Search for this title in:
    Other Libraries (WorldCat) Other Databases (Google Scholar) Online Stores (Bookfinder.com) Open Library (openlibrary.org)

Exporting to Dublin Core...

SOUTHVILLE LIBRARY

Southville International School and Colleges Library

1281 Tropical Ave. Cor. Luxembourg St., BF Homes International, Las Pinas City

Tel. No. 8256374 / 252358 Loc. 117/146

Powered by Koha